Site safety handbook (Record no. 108652)

MARC details
000 -LEADER
fixed length control field 01568cad a22003015a 4500
001 - CONTROL NUMBER
control field L144901
008 - FIXED-LENGTH DATA ELEMENTS--GENERAL INFORMATION
fixed length control field 080819s2008 xxk f 000 0 eng d
020 ## - INTERNATIONAL STANDARD BOOK NUMBER
International Standard Book Number 9780860176695
035 ## - SYSTEM CONTROL NUMBER
System control number (Sirsi) u144901
041 0# - LANGUAGE CODE
Language code of text/sound track or separate title eng
050 04 - LIBRARY OF CONGRESS CALL NUMBER
Classification number 690.22 $2 22
100 1# - MAIN ENTRY--PERSONAL NAME
Personal name Bielby, Steve
245 00 - TITLE STATEMENT
Title Site safety handbook
Medium [electronic resource]
250 ## - EDITION STATEMENT
Edition statement 4th. ed.
260 ## - PUBLICATION, DISTRIBUTION, ETC.
Place of publication, distribution, etc. London
Name of publisher, distributor, etc. CIRIA
Date of publication, distribution, etc. 2008
300 ## - PHYSICAL DESCRIPTION
Extent 162p.
Other physical details ill.
Dimensions 21cm.
490 #0 - SERIES STATEMENT
Series statement CIRIA
Volume/sequential designation C669
505 2# - FORMATTED CONTENTS NOTE
Formatted contents note Before going on site -- Site activities and hazards --Your contribution -- Further help and information
520 ## - SUMMARY, ETC.
Summary, etc. Provides awareness on construction site hazards. Gives advice on safer practices and how to manage health and safety on a construction site. Details the basic safety measures necessary before going on site. Explains how professionals can contribute personally to health and safety on a construction site. Includes recent health and safety regulations. Written for workers, engineers, architects and surveyors and especially those working on site for the first time. Contains a list of useful contacts, legislation, and Health and Safety Executive publications.
520 ## - SUMMARY, ETC.
Summary, etc. Supersedes 3rd ed. ISBN 0860178005
521 ## - TARGET AUDIENCE NOTE
Target audience note Advanced
590 ## - LOCAL NOTE (RLIN)
Local note KA
651 #4 - SUBJECT ADDED ENTRY--GEOGRAPHIC NAME
Geographic name England and Wales
Chronological subdivision 1543-
690 ## - LOCAL SUBJECT ADDED ENTRY--TOPICAL TERM (OCLC, RLIN)
Topical term or geographic name as entry element MANAGEMENT-HEALTH AND SAFETY
700 1# - ADDED ENTRY--PERSONAL NAME
Personal name Gilbertson, Alan
Relator term Adapt.
856 48 - ELECTRONIC LOCATION AND ACCESS
Uniform Resource Identifier <a href="https://www.ciria.org/service/Web_Site/AM/ContentManagerNet/ContentDisplay.aspx?Section=Web_Site&ContentID=8997">https://www.ciria.org/service/Web_Site/AM/ContentManagerNet/ContentDisplay.aspx?Section=Web_Site&ContentID=8997</a>
Public note View this item free of charge at www.ciria.org
942 ## - ADDED ENTRY ELEMENTS (KOHA)
Suppress in OPAC 0
Holdings
Withdrawn status Lost status Source of classification or shelving scheme Damaged status Not for loan Home library Current library Shelving location Date acquired Total Checkouts Full call number Barcode Date last seen Date last checked out Copy number Price effective from Koha item type
    Dewey Decimal Classification     Virtual Virtual Online 19/08/2008 5 ONLINE PUBLICATION 30071253 06/08/2019 30/06/2009 1 06/08/2019 Book